| 000 | 00737nam a2200289Ia 4500 | ||
|---|---|---|---|
| 001 | 52556 | ||
| 005 | 20240114005310.0 | ||
| 007 | ta | ||
| 008 | 100816s2010 g b000 u 465 u | ||
| 020 | _a978-81-309-1284-4 | ||
| 040 | _aCotton College,Assam | ||
| 041 | _a465 | ||
| 082 |
_a571.96 _bHa 196 Im |
||
| 100 | _aHannigan, B.M . | ||
| 245 | 0 |
_aImmunology / _cB.M.Hannigan, C.BT.Moore and D.G.Quinn. _hTextual Documents |
|
| 250 | _aIst ed / | ||
| 260 |
_aNew Delhi : _bViva Books , _c2010. |
||
| 300 |
_a382p ; _c23cm. |
||
| 653 | _aImmunology | ||
| 700 | _a.Moore, C.BT . | ||
| 700 | _a.Quinn, D.G . | ||
| 942 |
_2ddc _cBK |
||
| 999 |
_c52520 _d52520 |
||